| 000 | 01689nam a2200385Ia 4500 | ||
|---|---|---|---|
| 001 | ebr10348706 | ||
| 003 | CaPaEBR | ||
| 006 | m u | ||
| 007 | cr cn||||||||| | ||
| 008 | 100924s2006 dcuac sb i000 0 eng d | ||
| 040 |
_aCaPaEBR _cCaPaEBR |
||
| 035 | _a(OCoLC)687738299 | ||
| 050 | 1 | 4 |
_aHG3881 _b.F85431 2006eb |
| 245 | 0 | 0 |
_aFinance and development. _nVolume 43, no. 1, _pUnderstanding growth _h[electronic resource] / _c[Laura Wallace, editor-in-chief]. |
| 246 | 3 |
_aF&D : _bFinance and development. _nVolume 43, no. 1, _pUnderstanding growth |
|
| 246 | 3 |
_aFinance & development. _nVolume 43, no. 1, _pUnderstanding growth |
|
| 260 |
_aWashington, D.C. : _bInternational Monetary Fund, _c2006. |
||
| 300 |
_a57 p. : _bill., port. |
||
| 490 | 1 |
_aFinance and development, _x0015-1947 ; _vv. 43, no. 1 |
|
| 500 | _a"March 2006". | ||
| 504 | _aIncludes bibliographical references. | ||
| 533 |
_aElectronic reproduction. _bPalo Alto, Calif. : _cebrary, _d2013. _nAvailable via World Wide Web. _nAccess may be limited to ebrary affiliated libraries. |
||
| 650 | 0 |
_aCapital movements _zDeveloping countries _xEconometric models. |
|
| 650 | 0 |
_aLabor market _xHistory _y21st century. |
|
| 650 | 0 | _aInternational finance. | |
| 651 | 0 |
_aDeveloping countries _xForeign economic relations. |
|
| 655 | 7 |
_aElectronic books. _2local |
|
| 700 | 1 | _aWallace, Laura. | |
| 710 | 2 | _aWorld Bank. | |
| 710 | 2 | _aInternational Monetary Fund. | |
| 710 | 2 | _aWorld Bank Group. | |
| 710 | 2 | _aebrary, Inc. | |
| 830 | 0 |
_aFinance and development ; _vv. 43, no. 1. |
|
| 856 | 4 | 0 |
_uhttp://site.ebrary.com/lib/rucke/Doc?id=10348706 _zAn electronic book accessible through the World Wide Web; click to view |
| 999 |
_c29498 _d29498 |
||